Composite Fuel Poverty Index as a Means to Assess Energy Security of the Country

Problémy posilňovania energetickej bezpečnosti Ukrajiny. Súhrnný index palivovej chudoby podľa regiónov. Výpočet súhrnného indexu palivovej húževnatosti.

Salvato in:
Dettagli Bibliografici
Autore principale: Pysar, Nadiia
Altri autori: Dergacheva, Victoria, Bandura, Andriy, Pásztorová, Janka, 1960-
Natura: Capitolo di libro
Lingua:inglese
Soggetti:
Tags: Aggiungi Tag
Nessun Tag, puoi essere il primo ad aggiungerne!!

MARC

LEADER 00000naa a2200000 4500
001 0248560
005 20240502083705.8
041 0 |a eng 
044 |a UA 
245 1 0 |a Composite Fuel Poverty Index as a Means to Assess Energy Security of the Country  |c Nadiia Pysar, Victoria Dergacheva, Andriy Bandura, Janka Pásztorová 
520 |a Problémy posilňovania energetickej bezpečnosti Ukrajiny. Súhrnný index palivovej chudoby podľa regiónov. Výpočet súhrnného indexu palivovej húževnatosti. 
610 2 0 |a bezpečnosť energetická 
610 2 0 |a Ukrajina 
610 2 0 |a úroveň životná 
610 2 0 |a regióny 
610 2 0 |a trh energetický 
100 1 |a Pysar, Nadiia 
700 1 |a Dergacheva, Victoria 
700 1 |a Bandura, Andriy 
700 1 |a Pásztorová, Janka, 1960-